| 000 | 00668nam a22001817a 4500 | ||
|---|---|---|---|
| 003 | UA-OsUOA | ||
| 001 | 16201 | ||
| 007 | ta | ||
| 008 | 20031223b un ||||| |||| 00| 0 ukr d | ||
| 100 | _aГордич В. | ||
| 942 | _cSA | ||
| 040 |
_aUA-OsUOA _cUA-OsUOA _dUA-OsUOA |
||
| 245 | _aДо лікаря всією сім'єю: [Про перспективи розвитку сімейної медицини у Рівному йшлося на засід. Рівнен. прес-клубу реформ] | ||
| 300 | _aС.16 | ||
| 955 | _a0 | ||
| 773 | 0 |
_w0 _tСім днів _dРівне _d2003 _g№41/ 10 жовт./ |
|
| 650 | 7 |
_aКраєзнавча робота _2UDC |
|
| 999 |
_c302366 _d302366 |
||